<?xml version="1.0" encoding="UTF-8"?><?xml-stylesheet type="text/xsl" href="static/style.xsl"?><OAI-PMH xmlns="http://www.openarchives.org/OAI/2.0/" xmlns:xsi="http://www.w3.org/2001/XMLSchema-instance" xsi:schemaLocation="http://www.openarchives.org/OAI/2.0/ http://www.openarchives.org/OAI/2.0/OAI-PMH.xsd"><responseDate>2026-04-13T05:48:38Z</responseDate><request verb="GetRecord" identifier="oai:www.recercat.cat:2445/225111" metadataPrefix="marc">https://recercat.cat/oai/request</request><GetRecord><record><header><identifier>oai:recercat.cat:2445/225111</identifier><datestamp>2026-04-08T08:10:07Z</datestamp><setSpec>com_2072_1057</setSpec><setSpec>col_2072_478792</setSpec><setSpec>col_2072_478917</setSpec></header><metadata><record xmlns="http://www.loc.gov/MARC21/slim" xmlns:dcterms="http://purl.org/dc/terms/" xmlns:xsi="http://www.w3.org/2001/XMLSchema-instance" xmlns:doc="http://www.lyncode.com/xoai" xsi:schemaLocation="http://www.loc.gov/MARC21/slim http://www.loc.gov/standards/marcxml/schema/MARC21slim.xsd">
   <leader>00925njm 22002777a 4500</leader>
   <datafield ind2=" " ind1=" " tag="042">
      <subfield code="a">dc</subfield>
   </datafield>
   <datafield ind2=" " ind1=" " tag="720">
      <subfield code="a">Fabeiro, Rosa, 1968-</subfield>
      <subfield code="e">author</subfield>
   </datafield>
   <datafield ind2=" " ind1=" " tag="720">
      <subfield code="a">Centelles Velilla, Miquel</subfield>
      <subfield code="e">author</subfield>
   </datafield>
   <datafield ind2=" " ind1=" " tag="720">
      <subfield code="a">Ferran Ferrer, Núria</subfield>
      <subfield code="e">author</subfield>
   </datafield>
   <datafield ind2=" " ind1=" " tag="720">
      <subfield code="a">Prades-Artigas, Lourdes, 1967-</subfield>
      <subfield code="e">author</subfield>
   </datafield>
   <datafield ind2=" " ind1=" " tag="260">
      <subfield code="c">2026-01-07T06:12:01Z</subfield>
   </datafield>
   <datafield ind2=" " ind1=" " tag="260">
      <subfield code="c">2026-01-07T06:12:01Z</subfield>
   </datafield>
   <datafield ind2=" " ind1=" " tag="260">
      <subfield code="c">2025-10</subfield>
   </datafield>
   <datafield ind2=" " ind1=" " tag="520">
      <subfield code="a">Presentació en el marc del I Congrés Internacional Recerca i Memòria de les Brigades Internacionals, que es va celebrar a la Facultat de Geografia i Història de la UB els dies 30-31 d’octubre de 2025 de les accions realitzades per la Unitat de Procés Tècnic del CRAI i la Biblioteca del Pavelló de la República, per donar visibilitat i apropar a la comunitat el paper de les dones brigadistes, dins del projecte del Portal de les dones del CRAI. Les diferents accions s’emmarquen en els objectius estratègics de la institució per donar visibilitat al patrimoni bibliogràfic de la UB amb perspectiva de gènere i tenen com a base el projecte de recerca SIDBRINT i la seva base de dades. 

Aquestes línies de treball s’enriqueixen ara gràcies a la participació en el projecte de recerca HerStory (PID2023-147673OB-I00), una proposta d’arquitectura de la informació amb intel·ligència artificial neuro-simbòlica aplicada a casos de repressió franquista amb perspectiva de gènere. En aquest marc, es preveu transformar i enriquir semànticament les dades del projecte SIDBRINT, incorporant-les a un grau de coneixement interconnectat (de dades obertes enllaçades) i entrenant sistemes d'IA híbrida (neuro-simbòlica) per tal de millorar la cerca, navegació i recuperació d’aquestes biografies i narratives invisibilitzades. 

El projecte també aposta per metodologies participatives i ciència ciutadana, implicant col·lectius interessats en la història i viquipedistes, també persones editores de Wikidata per co-crear narratives digitals i millorar la representació de les dones brigadistes tant en l’esfera acadèmica com en entorns com Wikipedia. D’aquesta manera, es contribueix a la preservació de la memòria històrica des d’una perspectiva feminista i digital, aprofitant les oportunitats tecnològiques emergents per a la democratització del coneixement i la justícia epistemològica.</subfield>
   </datafield>
   <datafield tag="653" ind2=" " ind1=" ">
      <subfield code="a">Brigadistes</subfield>
   </datafield>
   <datafield tag="653" ind2=" " ind1=" ">
      <subfield code="a">Dones</subfield>
   </datafield>
   <datafield tag="653" ind2=" " ind1=" ">
      <subfield code="a">Memòria col·lectiva</subfield>
   </datafield>
   <datafield tag="653" ind2=" " ind1=" ">
      <subfield code="a">Universitat de Barcelona. Centre de Recursos per a l'Aprenentatge i la Investigació</subfield>
   </datafield>
   <datafield tag="653" ind2=" " ind1=" ">
      <subfield code="a">Brigadists</subfield>
   </datafield>
   <datafield tag="653" ind2=" " ind1=" ">
      <subfield code="a">Women</subfield>
   </datafield>
   <datafield tag="653" ind2=" " ind1=" ">
      <subfield code="a">Collective memory</subfield>
   </datafield>
   <datafield ind2="0" ind1="0" tag="245">
      <subfield code="a">Recuperant la memòria de les dones brigadistes : estratègia del CRAI de la UB amb perspectiva de gènere</subfield>
   </datafield>
</record></metadata></record></GetRecord></OAI-PMH>